Normal view
MARC view
- Hafiz Wajid Munir
Entry Personal Name
001 - CONTROL NUMBER
- control field: 92222
003 - CONTROL NUMBER IDENTIFIER
- control field: NUST
005 - DATE AND TIME OF LATEST TRANSACTION
- control field: 20220702200237.0
008 - FIXED-LENGTH DATA ELEMENTS
- fixed length control field: 220702|| aca||aabn | a|a d
040 ## - CATALOGING SOURCE
- Original cataloging agency: NUST
- Transcribing agency: NUST
100 ## - HEADING--PERSONAL NAME
- Personal name: Hafiz Wajid Munir
670 ## - SOURCE DATA FOUND
- Source citation: Work cat.: (NUST)11295: Hafiz Wajid Munir, Bladeless Fan, 2012
